000 00408cam a2200169ua 4500
020 _c2.50
041 _aeng
_h
082 _a300
_bIBR/SO
100 _aIbrahim kunju, A.P .
245 _aSocial studies /
_cA.P.Ibrahim kunju.
_hTextual Documents
260 _aKozhikode :
_bTouring book stall ,
_c1967.
300 _a200 ; .
365 _a2.50
504 _a
942 _cBK
999 _c1696
_d1696